Loading...
Science - Biology | 0 | 5 | 0 | 0 | 50 | 59 | 85.20 | 4 | 5 |
History - Other History | 0 | 4 | 0 | 0 | 40 | 77 | 92.25 | 3 | 4 |
Mythology | 0 | 4 | 0 | 0 | 40 | 112 | 125.25 | 1 | 4 |
History - European History | 0 | 4 | 1 | 0 | 35 | 68 | 88.00 | 1 | 4 |
History - World History | 0 | 3 | 0 | 0 | 30 | 39 | 62.67 | 3 | 3 |
Religion | 0 | 2 | 0 | 1 | 20 | 91 | 110.00 | 2 | 2 |
Literature - World Literature | 0 | 2 | 0 | 0 | 20 | 64 | 80.00 | 1 | 2 |
Literature - European Literature | 0 | 2 | 1 | 0 | 15 | 123 | 128.00 | 2 | 2 |
Social Science | 0 | 1 | 0 | 0 | 10 | 97 | 97.00 | 1 | 1 |
Fine Arts - Other Fine Arts | 0 | 1 | 0 | 0 | 10 | 85 | 85.00 | 1 | 1 |
History - American History | 0 | 1 | 0 | 0 | 10 | 72 | 72.00 | 1 | 1 |
Literature - American Literature | 0 | 1 | 0 | 0 | 10 | 103 | 103.00 | 1 | 1 |
Current Events | 0 | 1 | 0 | 0 | 10 | 85 | 85.00 | 0 | 1 |
Science - Chemistry | 0 | 0 | 1 | 0 | -5 | 0.00 | 0 | 0 | |
Geography | 0 | 0 | 2 | 0 | -10 | 0.00 | 0 | 0 |